The Simpsons Character By Image - Statistics

General Stats
  • This quiz has been taken 55 times
  • The average score is 7 of 20
Answer Stats
Picture Answer % Correct
Luigi Risotto
86%
Gary Chalmers
84%
Hank Scorpio
70%
Murphy Hibbert
70%
Cookie Kwan
62%
Mr. Sparkle
59%
Cecil Terwilliger
57%
Frank Grimes Jr.
51%
Wendell Borton
46%
Chester Lampwick
24%
Dash Dingo
19%
Joe
19%
Lester
19%
Funzo
14%
Nina Skalka
14%
Stanley Simpson
14%
Arnold Scwarzenegger
11%
Fatov
11%
Randall Curtis
8%
Nigel Bakerbutcher
5%
No matching quizzes found
Score Distribution
Percent of People with Each Score
Percentile by Number Answered
Your Score History
You have not taken this quiz